000 01384nam a22003497a 4500
001 197
003 FISKH
005 20230303141325.0
008 230303b cb ||||| |||| 00| 0 eng d
020 _a9780590445764
040 _aTWE
_cTWE
_dOCL
_dOCLCQ
_dBAKER
_dBTCTA
_dYDXCP
_dOCLCG
_dDLC
_dFISKH
_beng
050 0 0 _aPZ7.S68524
_bEsh 1991
082 0 0 _a813.54
_222
100 1 _aSobol, Donald J.,
_d1924-2012.
245 1 0 _aEncyclopedia Brown takes the cake! /
_cby Donald J. Sobol with Glenn Andrews ; illustrations by Ib Ohlsson.
260 _aNew York :
_bScholastic,
_c1983
300 _a121 p. :
_bill. ;
_c20 cm.
500 _a"An Apple paperback."
500 _aOriginally published : New York : Four Winds Press, 1983.
500 _aIncludes index.
505 _aQ
520 _aThe ten-year-old detective solves "The case of the Missing Garlic Bread" and other food-related mysteries. Includes menus and recipes for a Fourth-of-July party, a birthday brunch, and other occasions.
521 8 _a880
_bLexile
521 8 _aQ
_bRaz-Plus
650 0 _aCooking
_vJuvenile literature.
650 0 _aLiterary cookbooks.
700 1 _aAndrews, Glenn,
_d1925-
700 1 _aOhlsson, Ib,
_d1935-
856 4 2 _3Publisher description
_uhttp://www.loc.gov/catdir/enhancements/fy1203/2009277144-d.html
906 _a7
_bcbc
_ccopycat
_d2
_encip
_f20
_gy-gencatlg
942 _2ddc
_cBK
_n0
999 _c197
_d197